000 02117nam0a2200349 4500
001 RU\NLR\BIBL_A\022718971
005 20260408105509.0
010 _a978-5-7944-4267-0
_934
021 _aRU
_bКН-П-25-075361
_9КН-П-25-7313
035 _a(NLR Aleph) 022718971
090 _a13653704
_c13653704
100 _a20260205d2025 k y0rusy50 ca
101 0 _arus
102 _aRU
105 _aa j 000yy
181 0 _ai3
_baxxe
182 0 _an
200 1 _aМикроорганизмы-экстремофилы и их биотехнологическое применение
_eучебное пособие для студентов, обучающихся по направлению подготовки магистров "Биология"
_fЮ. Г. Максимова
_gМинистерство науки и высшего образования Российской Федерации, Федеральное государственное автономное образовательное учреждение высшего образования "Пермский государственный национальный исследовательский университет"
203 _aТекст
_bвизуальный
_cнепосредственный
210 _aПермь
_cПГНИУ
_d2025
215 _a173 с.
_cил.
_d21
320 _aБиблиогр. в конце гл.
333 _a16+
606 1 _aМикроорганизмы-экстремофилы
_jУчебные издания для высших учебных заведений
_92704229
_3RU\NLR\AUTH\6601768790
606 1 _aМикробиологический синтез
_jУчебные издания для высших учебных заведений
_91000863
_3RU\NLR\AUTH\6661803
686 1 _aЕ482я731
686 1 _aЛ67я73-1
700 1 _7ca
_8rus
_aМаксимова
_bЮ. Г.
_cд-р биол. наук, микробиология
_gЮлия Геннадьевна
_9223880
_3RU\NLR\AUTH\770223936
942 _cBOOK
980 _aNB